000 00678nam a2200181Ia 4500
005 20250508155552.0
008 008 250505s9999 xx 000 0 eng d
037 _aBooks to be hide in OPAC
040 _aFEDL
_beng
_cFEDL
041 _aeng
_2eng
084 _a370.954, SAR/O
_qFEDL
100 _aSargent John
245 0 _aInformation with regard to educational facitlites in India for boys and girls-European and Indian-who but for the war would have been attending schools in the United Kingdom
260 _aNew Delhi, India
_bThe Manager Government of India Press
_c1940
300 _a19p.
942 _cHB
_h370.954, SAR/O
999 _c1357845
_d1357845